|
|
|
|
| LEADER |
00000nam2a2200000 4500 |
| 001 |
257064 |
| 005 |
20231031215732.0 |
| 010 |
|
|
|b 2000 экз.
|
| 035 |
|
|
|a (RuTPU)RU\TPU\book\279831
|
| 090 |
|
|
|a 257064
|
| 100 |
|
|
|a 20140414d1920 m y0rusy50 ca
|
| 101 |
0 |
|
|a rus
|
| 102 |
|
|
|a RU
|
| 105 |
|
|
|a af z 001zy
|
| 200 |
0 |
|
|a Т. 1 : Описание драгоценных и цветных камней России
|
| 210 |
|
|
|c 4-я Государственная Типография
|d 1920
|
| 215 |
|
|
|a 420 с.
|c ил.
|
| 300 |
|
|
|a На обл. в вых. дан.: 1922
|
| 320 |
|
|
|a Приложение: с. 371-373
|
| 320 |
|
|
|a Общий обзор драгоценных камней: с. 374-383
|
| 320 |
|
|
|a Исправления и дополнения: с. 384-390
|
| 320 |
|
|
|a Указатель названий минералов и горных пород: с. 391-395
|
| 320 |
|
|
|a Указатель личных имен: с. 396-402
|
| 320 |
|
|
|a Указатель русских географических названий: с. 403-414
|
| 320 |
|
|
|a Указатель некоторых местностей вне Росии: с. 415
|
| 320 |
|
|
|a Указатель дворцов, церквей, музеев и пр.: с. 415
|
| 320 |
|
|
|a Список рисунков в тексте: с. 419.
|
| 461 |
|
1 |
|0 (RuTPU)RU\TPU\book\279813
|t Драгоценные и цветные камни России
|o [В 2-х тт.]
|f А. Е. Ферсман
|g Российская академия наук (РАН), Комиссия по изучению естественных производительных сил России
|v Т. 1 : Описание драгоценных и цветных камней России
|d 1920-1925
|s Монографии, издаваемые Комиссией по изучению естественных производительных сил России при Российской Академии Наук
|
| 610 |
1 |
|
|a драгоценные камни
|
| 610 |
1 |
|
|a цветные камни
|
| 610 |
1 |
|
|a описание
|
| 610 |
1 |
|
|a алмаз
|
| 610 |
1 |
|
|a корунд
|
| 610 |
1 |
|
|a шпинель
|
| 610 |
1 |
|
|a хризоберилл
|
| 610 |
1 |
|
|a берилл
|
| 610 |
1 |
|
|a изумруды
|
| 610 |
1 |
|
|a воробьевит
|
| 610 |
1 |
|
|a эвклаз
|
| 610 |
1 |
|
|a фенакит
|
| 610 |
1 |
|
|a топазы
|
| 610 |
1 |
|
|a циркон
|
| 610 |
1 |
|
|a гранат
|
| 610 |
1 |
|
|a турмалин
|
| 610 |
1 |
|
|a опалы
|
| 610 |
1 |
|
|a бирюза
|
| 610 |
1 |
|
|a оливины
|
| 610 |
1 |
|
|a хризолит
|
| 610 |
1 |
|
|a кордиерит
|
| 610 |
1 |
|
|a везувиан
|
| 610 |
1 |
|
|a дистен
|
| 610 |
1 |
|
|a ставролит
|
| 610 |
1 |
|
|a эпидоты
|
| 610 |
1 |
|
|a диоптаз
|
| 610 |
1 |
|
|a сфен
|
| 610 |
1 |
|
|a титаниты
|
| 610 |
1 |
|
|a полевые шпаты
|
| 610 |
1 |
|
|a содалит
|
| 610 |
1 |
|
|a лазуриты
|
| 610 |
1 |
|
|a обсидиан
|
| 610 |
1 |
|
|a асбест
|
| 610 |
1 |
|
|a нефрит
|
| 610 |
1 |
|
|a родонит
|
| 610 |
1 |
|
|a слюды
|
| 610 |
1 |
|
|a кремнеземы
|
| 610 |
1 |
|
|a горный хрусталь
|
| 610 |
1 |
|
|a дымчатый кварц
|
| 610 |
1 |
|
|a цитрин
|
| 610 |
1 |
|
|a аметист
|
| 610 |
1 |
|
|a розовый кварц
|
| 610 |
1 |
|
|a кварцит
|
| 610 |
1 |
|
|a авантюрин
|
| 610 |
1 |
|
|a волосатики
|
| 610 |
1 |
|
|a кремень
|
| 610 |
1 |
|
|a роговик
|
| 610 |
1 |
|
|a окаменелое дерево
|
| 610 |
1 |
|
|a хризопраз
|
| 610 |
1 |
|
|a халцедон
|
| 610 |
1 |
|
|a агаты
|
| 610 |
1 |
|
|a яшма
|
| 610 |
1 |
|
|a змеевик
|
| 610 |
1 |
|
|a морская пенка
|
| 610 |
1 |
|
|a гипс
|
| 610 |
1 |
|
|a селениты
|
| 610 |
1 |
|
|a малахит
|
| 610 |
1 |
|
|a известковые породы
|
| 610 |
1 |
|
|a мраморный оникс
|
| 610 |
1 |
|
|a флюорит
|
| 610 |
1 |
|
|a каменная соль
|
| 610 |
1 |
|
|a колчеданные руды
|
| 610 |
1 |
|
|a рутил
|
| 610 |
1 |
|
|a гематит
|
| 610 |
1 |
|
|a апатит
|
| 610 |
1 |
|
|a графит
|
| 610 |
1 |
|
|a янтарь
|
| 610 |
1 |
|
|a гагат
|
| 610 |
1 |
|
|a жемчуг
|
| 610 |
1 |
|
|a порфиры
|
| 675 |
|
|
|a 549.091
|v 3
|
| 801 |
|
1 |
|a RU
|b 63413507
|c 20140414
|
| 801 |
|
2 |
|a RU
|b 63413507
|c 20221123
|g RCR
|
| 942 |
|
|
|c BK
|